01205nam a2200313 a 450000100060000000300100000600500170001600700020003300800410003502000180007604000550009404100080014904300130015708200220017024501300019225000180032226401170034030000440045733600260050133700280052733800270055550400290058265000760061165000330068765000530072065000460077365000340081970000380085360438CO-BoRNBP20260206142837.0t120206s2009 ck a gr 000010 spa d a9789587193152 aCO-BoBLAbspadCO-BoBLAerdacUNIVERSIDAD NACIONAL aspa as-ck----04a597.92 bP51 22000aPlan de manejo orientado al uso sostenible de la hicotea en Colombia / ctextos María Angenis Bonilla Gómez ... [et al.]. a1a. edición aBogotá :bMinisterio de Ambiente, Vivienda y Desarrollo Territorial , Universidad Nacional de Colombia,c2009. a76 páginas :bilustraciones ;c28 cm. atextbtxt2rdacontent aunmediatedbn2rdamedia avolumebnc2rdacarrier aIncluye bibliografías. 7aConservación de vida silvestrex Investigacionesz Colombia.2BLAAUTO 7aCría de tortugas.2BLAAUTO 7aTortugasx Distribución geográfica.2BLAAUTO 7aTortugasx Hábitos y conducta.2BLAAUTO 7aTortugasz Colombia.2BLAAUTO1 aBonilla Gómez, María Argenis.